[Event "AUT-ch U16 Girls"]
[Site "Imst"]
[Date "2008.03.20"]
[Round "6"]
[White "Froewis, Annika"]
[Black "Vergeiner, Sandra"]
[Result "1-0"]
[WhiteElo "1906"]
[BlackElo "1258"]
[PlyCount "81"]
[EventDate "2008.03.17"]
[EventType "swiss"]
[EventRounds "7"]
[EventCountry "AUT"]
[SourceTitle "EXT 2009"]
[Source "ChessBase"]
[SourceDate "2008.11.26"]
[SourceVersion "1"]
[SourceVersionDate "2008.11.26"]
[SourceQuality "1"]

1. e4 e5 2. Nf3 Nc6 3. d4 exd4 4. Bc4 Nf6 5. e5 d5 6. Bb5 Ne4 7. Nxd4 Bd7 8. Bxc6 bxc6 9. 0-0 Bc5 10. f3 Ng5 11. Kh1 0-0 12. Nb3 Bb6 13. a4 a6 14. Nc3 Re8 15. f4 Ne4 16. Nxe4 dxe4 17. a5 Ba7 18. Qe2 f5 19. Qxa6 Be6 20. Qxc6 Rb8 21. Qc3 Qd5 22. Be3 Bxe3 23. Qxe3 Qc6 24. Nd4 Qc5 25. Rfb1 Rbd8 26. c3 Rd5 27. b4 Qc4 28. a6 Rdd8 29. a7 g6 30. b5 Bd5 31. h4 h5 32. b6 cxb6 33. Rxb6 Qc7 34. Rxg6+ Kf7 35. Rf6+ Kg7 36. Qg3+ Kh8 37. Rh6+ Qh7 38. Rxh7+ Kxh7 39. Qg5 Bf7 40. Qxf5+ Bg6 41. Qf6 1-0

[Event "AUT-ch U16 Girls"]
[Site "Imst"]
[Date "2008.03.18"]
[Round "3"]
[White "Vergeiner, Sandra"]
[Black "Gavric, Dragana"]
[Result "0-1"]
[WhiteElo "1258"]
[BlackElo "1414"]
[PlyCount "146"]
[EventDate "2008.03.17"]
[EventType "swiss"]
[EventRounds "7"]
[EventCountry "AUT"]
[SourceTitle "EXT 2009"]
[Source "ChessBase"]
[SourceDate "2008.11.26"]
[SourceVersion "1"]
[SourceVersionDate "2008.11.26"]
[SourceQuality "1"]

1. e4 c5 2. Nf3 e6 3. d4 cxd4 4. Nxd4 Nc6 5. Nc3 Nf6 6. Be3 a6 7. Qd2 Qc7 8. 0-0-0 b5 9. f3 Ne5 10. Bf4 Bb7 11. Nb3 d5 12. g3 Bd6 13. Bxe5 Bxe5 14. exd5 Nxd5 15. Nxd5 Bxd5 16. Bg2 Rc8 17. c3 b4 18. Kb1 bxc3 19. bxc3 Qb7 20. Rc1 0-0 21. Rhe1 Bf6 22. Rc2 Bxb3 23. axb3 Qxb3+ 24. Rb2 Qc4 25. Re4 Qxc3 26. Qxc3 Rxc3 27. Reb4 h6 28. f4 Ra3 29. Ra2 Rxa2 30. Kxa2 a5 31. Rb5 Bc3 32. Ka3 Bb4+ 33. Ka4 Rd8 34. h4 Kf8 35. f5 exf5 36. Rxf5 Be1 37. h5 Bxg3 38. Kxa5 Re8 39. Rf3 Re5+ 40. Ka4 Rg5 41. Bf1 Be5 42. Bb5 Rxh5 43. Re3 Rf5 44. Ka5 g5 45. Bd3 Bd4+ 46. Kb4 Bxe3 47. Bxf5 Ke7 48. Kc4 Kf6 49. Bc8 Ke5 50. Kd3 Bf4 51. Ke2 h5 52. Kf3 g4+ 53. Kg2 f5 54. Bb7 h4 55. Kf2 h3 56. Kg1 g3 57. Ba8 g2 58. Bxg2 hxg2 59. Kxg2 Ke4 60. Kf1 Kf3 61. Kg1 Ke2 62. Kg2 Bh2 63. Kxh2 f4 64. Kg2 f3+ 65. Kg1 f2+ 66. Kh2 f1Q 67. Kg3 Qf3+ 68. Kh4 Qg2 69. Kh5 Kf3 70. Kh6 Kf4 71. Kh7 Kf5 72. Kh8 Kf6 73. Kh7 Qg7# 0-1

[Event "AUT-ch U16 Girls"]
[Site "Imst"]
[Date "2008.03.17"]
[Round "2"]
[White "Vergeiner, Sandra"]
[Black "Gerhold, Doris"]
[Result "0-1"]
[WhiteElo "1258"]
[BlackElo "1417"]
[PlyCount "66"]
[EventDate "2008.03.17"]
[EventType "swiss"]
[EventRounds "7"]
[EventCountry "AUT"]
[SourceTitle "EXT 2009"]
[Source "ChessBase"]
[SourceDate "2008.11.26"]
[SourceVersion "1"]
[SourceVersionDate "2008.11.26"]
[SourceQuality "1"]

1. e4 c5 2. Nf3 Nc6 3. Nc3 g6 4. d3 Bg7 5. Bd2 e6 6. Qe2 Nge7 7. 0-0-0 d6 8. Nb5 a6 9. Nc3 0-0 10. Bf4 Bd7 11. Qe3 Qc7 12. Bh6 b5 13. Bxg7 Kxg7 14. d4 b4 15. d5 bxc3 16. dxc6 cxb2+ 17. Kxb2 Bxc6 18. Qd3 Rfd8 19. Qc3+ f6 20. Ng5 Qc8 21. Bc4 d5 22. Bd3 c4 23. Be2 Qb8+ 24. Kc1 Qf4+ 25. Qe3 Qxe3+ 26. fxe3 fxg5 27. exd5 exd5 28. Rhf1 Nf5 29. Rf3 d4 30. Rff1 Nxe3 31. Rxd4 Nxf1 32. Rxd8 Rxd8 33. Bxf1 Bb5 0-1

[Event "AUT-ch U14 Girls"]
[Site "Deutschlandsberg"]
[Date "2006.??.??"]
[Round "2"]
[White "Vergeiner, Sandra"]
[Black "Berghofer, Anja"]
[Result "0-1"]
[WhiteElo "1368"]
[BlackElo "1589"]
[PlyCount "54"]
[EventDate "2006.06.??"]
[EventType "swiss"]
[EventRounds "7"]
[EventCountry "AUT"]
[SourceTitle "EXT 2009"]
[Source "ChessBase"]
[SourceDate "2008.11.26"]
[SourceVersion "1"]
[SourceVersionDate "2008.11.26"]
[SourceQuality "1"]

1. e4 c5 2. Nf3 d6 3. Bc4 Nc6 4. Nc3 Bg4 5. 0-0 Nf6 6. d3 a6 7. Bg5 e6 8. h3 Bh5 9. Re1 Ne5 10. g4 Bg6 11. h4 Nexg4 12. d4 cxd4 13. Nxd4 h6 14. Bxf6 Nxf6 15. e5 dxe5 16. Rxe5 Bd6 17. Re1 0-0 18. Be2 Qb8 19. h5 Bh2+ 20. Kh1 Ne4 21. Rf1 Nxc3 22. bxc3 Bf5 23. Nxf5 exf5 24. Qd3 Qf4 25. f3 Qh4 26. Qd4 Bf4+ 27. Kg1 Qh2# 0-1

[Event "AUT-ch U14 Girls"]
[Site "Deutschlandsberg"]
[Date "2006.??.??"]
[Round "4"]
[White "Vergeiner, Sandra"]
[Black "Gavric, Dragana"]
[Result "0-1"]
[WhiteElo "1368"]
[BlackElo "1311"]
[PlyCount "84"]
[EventDate "2006.06.??"]
[EventType "swiss"]
[EventRounds "7"]
[EventCountry "AUT"]
[SourceTitle "EXT 2009"]
[Source "ChessBase"]
[SourceDate "2008.11.26"]
[SourceVersion "1"]
[SourceVersionDate "2008.11.26"]
[SourceQuality "1"]

1. e4 c5 2. Nf3 e6 3. d4 cxd4 4. Nxd4 Nc6 5. Be3 Nf6 6. Nc3 Qc7 7. Qd2 Be7 8. 0-0-0 d6 9. Bc4 Ng4 10. Bf4 Nxd4 11. Qxd4 e5 12. Bxe5 dxe5 13. Qd5 Be6 14. Qb5+ Qc6 15. Qxc6+ bxc6 16. Bxe6 fxe6 17. Rhf1 Nxh2 18. Rh1 Ng4 19. Rhf1 0-0 20. f3 Ne3 21. Rd7 Nxf1 22. Rxe7 Rf6 23. Rc7 Ne3 24. Rxc6 Nxg2 25. Rd6 Nh4 26. Rd3 Rxf3 27. Rxf3 Nxf3 28. Kd1 Nd4 29. Ke1 Rf8 30. b3 Nxc2+ 31. Kd2 Nb4 32. Nb5 a5 33. Nc7 Rf6 34. a3 Nc6 35. Kc3 h5 36. b4 axb4+ 37. axb4 Nxb4 38. Kxb4 h4 39. Kc5 h3 40. Kd6 Kf7 41. Kxe5 h2 42. Kd6 h1Q 0-1

[Event "AUT-ch U14 Girls"]
[Site "Deutschlandsberg"]
[Date "2006.??.??"]
[Round "3"]
[White "Wunderl, Eva"]
[Black "Vergeiner, Sandra"]
[Result "0-1"]
[WhiteElo "1267"]
[BlackElo "1368"]
[PlyCount "118"]
[EventDate "2006.06.??"]
[EventType "swiss"]
[EventRounds "7"]
[EventCountry "AUT"]
[SourceTitle "EXT 2009"]
[Source "ChessBase"]
[SourceDate "2008.11.26"]
[SourceVersion "1"]
[SourceVersionDate "2008.11.26"]
[SourceQuality "1"]

1. e4 e5 2. Nf3 Nc6 3. Nc3 Nf6 4. Bb5 Bb4 5. d3 d5 6. Nxe5 Bd7 7. Nxd7 Qxd7 8. Bd2 a6 9. Bxc6 Qxc6 10. exd5 Nxd5 11. Nxd5 Bxd2+ 12. Qxd2 Qxd5 13. 0-0 0-0-0 14. Rfe1 h5 15. Re7 g5 16. Qc3 c6 17. Re5 Qd6 18. Rxg5 Rdg8 19. Rxg8+ Rxg8 20. Qc4 Qg6 21. Qe4 h4 22. Qxg6 Rxg6 23. h3 f5 24. f4 Re6 25. Kf2 Kd7 26. Re1 Rxe1 27. Kxe1 Ke6 28. Ke2 Kd5 29. Ke3 b5 30. b3 c5 31. c4+ bxc4 32. dxc4+ Ke6 33. Kf3 a5 34. g3 hxg3 35. Kxg3 Kf7 36. h4 Kg6 37. a3 Kh6 38. Kf3 Kh5 39. Ke3 Kxh4 40. Kd3 Kg4 41. Kc3 Kxf4 42. b4 axb4+ 43. axb4 cxb4+ 44. Kxb4 Ke5 45. c5 f4 46. Kb5 f3 47. c6 f2 48. c7 f1Q+ 49. Kc6 Qf3+ 50. Kd7 Qd5+ 51. Kc8 Kd6 52. Kb8 Qb5+ 53. Kc8 Qd7+ 54. Kb7 Qxc7+ 55. Ka6 Qd7 56. Ka5 Kc5 57. Ka6 Qb5+ 58. Ka7 Kc6 59. Ka8 Qb7# 0-1